Κατάλογος Βιβλιοθηκών Mediterranean College

Media Education Across Europe (Record no. 441)

MARC details
000 -LEADER
fixed length control field 01461cam a22002174a 4500
005 - ΗΜΕΡΟΜΗΝΙΑ ΚΑΙ ΩΡΑ ΤΕΛΕΥΤΑΙΑΣ ΕΝΗΜΕΡΩΣΗΣ
Πεδίο ελέγχου 20250605163935.0
008 - FIXED-LENGTH DATA ELEMENTS--GENERAL INFORMATION
Πεδίο ελέγχου σταθερού μήκους 250528s ||||||||||||||||||||||||d
035 ## - SYSTEM CONTROL NUMBER
System control number 14827
020 ## - ISBN
ISBN 415100178
040 ## - ΠΗΓΗ ΚΑΤΑΛΟΓΟΓΡΑΦΗΣΗΣ
Φορέας πρωτότυπης καταλογογράφησης MC Athens Campus Library
Γλώσσα καταλογογράφησης Ελληνικά, Μοντέρνα (1453-)
Modifying agency MC Athens Campus Library
Κανόνες περιγραφικής καταλογογράφησης AACR2
245 1# - ΤΙΤΛΟΣ ΚΑΙ ΔΗΛΩΣΗ ΥΠΕΥΘΥΝΟΤΗΤΑΣ
Τίτλος Media Education Across Europe
250 ## - EDITION STATEMENT
Edition statement 1st
260 ## - PUBLICATION, DISTRIBUTION, ETC.
Name of publisher, distributor, etc. Rouledge,
Date of publication, distribution, etc. 1994
300 ## - PHYSICAL DESCRIPTION
Extent 220
520 ## - SUMMARY, ETC.
Summary, etc. This book identifies the exciting developments now taking place within and across European boundaries. Preface, Introduction, The European Agenda: Rhetoric and Reality, Comparing European Experiences, Italy: The Coming of Age of Media Studies, Communication Studies in Spain: An Individual Perspective, Theoretical and Vocational Training in Dutch-Speaking Belgium, Theory and Practice and Market Forces in Britain: A Case of Relative Autonomy, Communication and Media Studies in Sweden, Communication Science and Broadcasting in the Netherlands, Communication Knowledge and Communication Beliefs: Their Educational and Social Implications, Teaching Communication During an Accelerating Media Evolution: A Lifelong Learning Process?, Teaching and Linguistic Research on ''Communication and Media'', Theory and Practice in Media Education: Knowing Why and Knowing How, Communication and Media Education: A New Discipline in Europe?, Name and Subject Index.
700 1# - ΠΡΟΣΘΕΤΗ ΑΝΑΓΡΑΦΗ--ΦΥΣΙΚΟ ΠΡΟΣΩΠΟ
Personal name French David
9 (RLIN) 592
700 1# - ΠΡΟΣΘΕΤΗ ΑΝΑΓΡΑΦΗ--ΦΥΣΙΚΟ ΠΡΟΣΩΠΟ
Personal name Richards Michael
9 (RLIN) 593
942 ## - ADDED ENTRY ELEMENTS (KOHA)
Koha item type Books
Holdings
Τύπος τεκμηρίου Βιβλιοθήκη Τρέχουσα τοποθεσία Barcode Αριθμός εισαγωγής Ημερομηνία απόκτησης Ταξιθετικό σύμβολο Αριθμός αντιτύπου Κατάσταση απόσυρσης Κατάσταση χαμένου Κατάσταση κατεστραμμένου Μη δανεισμός Σύνολο δανεισμών Ημερομηνία τελευταίας εμφάνισης Η τιμή ισχύει από
Books MC Athens Campus Library MC Athens Campus Library 9780000004406 5288 05/06/2025 302.2/0704 FRE 1           05/06/2025 05/06/2025

MC Athens Campus Library
Πατησίων 94 & Κοδριγκτώνος 13, 104 34
Πελλήνης 8 & Πατησίων 107, 112 51
Τ: +30 210 8899600

MC Thessaloniki Campus Library
Ίωνος Δραγούμη 21, 54625 | Ίωνος Δραγούμη 15, 54625
Τ: +30 2310 287779 – Τ: +30 2314 440300